Stranger Things Trivia - Very Easy - Statistics

General Stats
  • This quiz has been taken 419 times
  • The average score is 15 of 15
Answer Stats
Question Answer % Correct
What is the number tattooed on the main female protagonist's arm? 011
100%
Which board game do the main characters frequently play? Dungeons & Dragons
100%
What is the fictional town in Indiana where the show takes place? Hawkins
99%
What is the name of the boy who goes missing in the very first episode? Will Byers
99%
Which character is the Chief of Police in the first season? Jim Hopper
98%
What is the name of Mike Wheeler's older sister? Nancy Wheeler
98%
What is the name of the alternate dimension that mirrors the human world? The Upside Down
98%
Which character adopts a ,,baby Demodog" and names it Dart? Dustin Henderson
97%
Who is the mother of the above? Joyce Byers
97%
What is her favorite food? Eggo Waffles
96%
What happens physically to the character above when she uses her telekinetic powers? Her nose bleeds
96%
What object does the character above use to communicate with her missing son? Christmas Lights
95%
Which streaming service produces and airs the show? Netflix
95%
What decade is the show set in? The 1980s
95%
What type of creature is the primary monster in Season 1? The Demogorgon
89%
No matching quizzes found
Score Distribution
Percent of People with Each Score
Percentile by Number Answered
Your Score History
You have not taken this quiz